[Event "Montigny le Bretonneux Noel op 19th"]
[Site "Montigny le Bretonneux"]
[Date "2018.12.29"]
[Round "5"]
[White "Plancade, Philajit"]
[Black "Fruchard, Alois"]
[Result "0-1"]
[WhiteElo "1154"]
[BlackElo "1411"]
[PlyCount "116"]
[EventDate "2018.12.26"]
[EventType "swiss"]
[EventRounds "7"]
[EventCountry "FRA"]
[SourceTitle "CBM 188 Extra"]
[Source "ChessBase"]
[SourceDate "2019.02.26"]
[SourceVersion "1"]
[SourceVersionDate "2019.02.26"]
[SourceQuality "1"]

1. e4 d6 2. Nf3 Nf6 3. Nc3 g6 4. Bc4 Bg7 5. 0-0 0-0 6. d3 c5 7. Be3 Nc6 8. Qd2 Bg4 9. Ng5 Ne5 10. f3 Bd7 11. f4 Nxc4 12. dxc4 Ng4 13. Nf3 Qb6 14. Rab1 Nxe3 15. Qxe3 Bd4 16. Nxd4 cxd4 17. Nd5 dxe3 18. Nxb6 axb6 19. a3 b5 20. Rfe1 Rfc8 21. Rxe3 bxc4 22. c3 Rc5 23. Rbe1 e5 24. fxe5 Rxe5 25. Rd1 Ra6 26. Rd4 Be6 27. Kf2 Rc6 28. Kf3 f5 29. Kf4 Rxe4+ 30. Rexe4 fxe4 31. Rxe4 Kf7 32. g4 Rb6 33. Kg5 Rxb2 34. h4 Rf2 35. Kh6 Rh2 36. g5 d5 37. Rd4 Rh3 38. a4 Rxc3 39. Kxh7 Rh3 40. Rf4+ Bf5 41. Rxf5+ gxf5 42. g6+ Kf6 43. g7 Rxh4+ 44. Kg8 Rg4 45. Kf8 Rxg7 46. a5 Rh7 47. Ke8 Ke6 48. Kd8 Kd6 49. Kc8 Kc6 50. Kb8 Kb5 51. a6 bxa6 52. Kc8 Kc6 53. Kd8 Ra7 54. Ke8 Kd6 55. Kf8 Ke6 56. Kg8 Kf6 57. Kh8 Kg6 58. Kg8 Ra8# 0-1